Catalog

Record Details

Catalog Search



Star-Crossed Sisters of Tuscany. Cover Image Book Book

Star-Crossed Sisters of Tuscany.

Summary:

A trio of second-born daughters set out to break the family curse that says they’ll never find love on a whirlwind journey through the lush Italian countryside by New York Times bestseller Lori Nelson Spielman, author of The Life List. Since the day Filomena Fontana cast a curse upon her sister more than two hundred years ago, not one second-born Fontana daughter has found lasting love. Some, like second-born Emilia, the happily-single baker at her grandfather’s Brooklyn deli, claim it’s an odd coincidence. Others, like her sexy, desperate-for-love cousin Lucy, insist it’s a true hex. But both are bewildered when their great-aunt calls with an astounding proposition: If they accompany her to her homeland of Italy, Aunt Poppy vows she’ll meet the love of her life on the steps of the Ravello Cathedral on her eightieth birthday, and break the Fontana Second-Daughter Curse once and for all. Against the backdrop of wandering Venetian canals, rolling Tuscan fields, and enchanting Amalfi Coast villages, romance blooms, destinies are found, and family secrets are unearthed—secrets that could threaten the family far more than a centuries-old curse.

Record details

  • ISBN: 9781643857275
  • ISBN: 1643857274
  • Physical Description: 374 pages : 24 cm
  • Publisher: New York Berkley
Subject: Sisters > Fiction.
Magic > Fiction.
Families > Fiction.
Blessing and cursing > Fiction.
Family secrets > Fiction.
Birth order > Fiction.
Man-woman relationships > Fiction.
Italy > Fiction.
Genre: Domestic fiction.
Fantasy fiction.
Romance fiction.

Available copies

  • 1 of 1 copy available at scottsboropl.

Holds

  • 0 current holds with 1 total copy.
Show Only Available Copies
Location Call Number / Copy Notes Barcode Shelving Location Status Due Date
scottsboropl F Spi 32269001267676 Adult - Fiction Available -

LDR 03398camaa2200637Mi 4500
001164966
003SBPL
00520241125124840.0
008220303s2020 nyu g ||| 0 eng d
020 . ‡a9781643857275
020 . ‡a1643857274
035 . ‡a(OCoLC)1322479912
08204. ‡a813/.6 ‡qOCoLC ‡223/eng/20231120
1001 . ‡aSpielman, Lori Nelson,: ‡eAuthor.
24510. ‡aStar-Crossed Sisters of Tuscany.
264 1. ‡aNew York ‡bBerkley
300 . ‡a374 pages : ‡c24 cm
336 . ‡atext ‡btxt ‡2rdacontent
337 . ‡aunmediated ‡bn ‡2rdamedia
338 . ‡avolume ‡bnc ‡2rdacarrier
380 . ‡aFiction ‡2marcgt
385 . ‡aGeneral ‡2marctarget
520 . ‡aA trio of second-born daughters set out to break the family curse that says they’ll never find love on a whirlwind journey through the lush Italian countryside by New York Times bestseller Lori Nelson Spielman, author of The Life List. Since the day Filomena Fontana cast a curse upon her sister more than two hundred years ago, not one second-born Fontana daughter has found lasting love. Some, like second-born Emilia, the happily-single baker at her grandfather’s Brooklyn deli, claim it’s an odd coincidence. Others, like her sexy, desperate-for-love cousin Lucy, insist it’s a true hex. But both are bewildered when their great-aunt calls with an astounding proposition: If they accompany her to her homeland of Italy, Aunt Poppy vows she’ll meet the love of her life on the steps of the Ravello Cathedral on her eightieth birthday, and break the Fontana Second-Daughter Curse once and for all. Against the backdrop of wandering Venetian canals, rolling Tuscan fields, and enchanting Amalfi Coast villages, romance blooms, destinies are found, and family secrets are unearthed—secrets that could threaten the family far more than a centuries-old curse.
650 0. ‡aSisters ‡vFiction.
650 0. ‡aMagic ‡vFiction.
650 0. ‡aFamilies ‡vFiction.
650 0. ‡aBlessing and cursing ‡vFiction.
650 0. ‡aFamily secrets ‡vFiction.
650 0. ‡aBirth order ‡vFiction.
650 0. ‡aMan-woman relationships ‡vFiction.
651 0. ‡aItaly ‡vFiction.
655 7. ‡aDomestic fiction. ‡2lcgft
655 7. ‡aFantasy fiction. ‡2lcgft
655 7. ‡aRomance fiction. ‡2lcgft
901 . ‡a164966 ‡bAUTOGEN ‡c164966 ‡tbiblio

Additional Resources